Finnish players in European Big Five (2000-) - Statistics

General Stats
  • This quiz has been taken 54 times
  • The average score is 13 of 42
Answer Stats
Ranking Player Positions Nationality Matches Goals (assists) Periods Clubs % Correct
11 Teemu Pukki FW 111 30 (7) 2008-2009, 2011-2013, 2019-2020, 2021-2022
95%
2 Sami Hyypiä DF 333 23 (8) 2000-2011
88%
3 Lukáš Hrádecký GK 323 0 (0) 2015-2025
83%
17 Jari Litmanen MF, FW 39 6 (2) 2000-2001, 2004-2005
76%
13 Joel Pohjanpalo MF, FW 62 19 (0) 2016-2017, 2019-2022, 2024-2025
69%
1 Jussi Jääskeläinen GK 436 0 (3) 2001-2015
62%
31 Glen Kamara MF 13 0 (1) 2024-2025
50%
36 Marcus Forss MF, FW 7 0 (1) 2021-2022
50%
6 Mikael Forssell FW 176 47 (15) 2001-2005, 2007-2011
50%
9 Niklas Moisander DF 147 2 (1) 2015-2021
50%
7 Petri Pasanen DF 156 3 (4) 2003-2011
45%
5 Teemu Tainio MF 199 13 (7) 2000-2010
43%
18 Jesse Joronen GK 37 0 (0) 2019-2020, 2024-2025
38%
19 Alexei Eremenko MF, FW 34 0 (1) 2004-2006
36%
4 Përparim Hetemaj MF 300 8 (17) 2010-2018, 2020-2021
36%
23 Roman Eremenko MF 23 0 (3) 2006-2008
36%
10 Antti Niemi GK 143 0 (0) 2002-2008
33%
12 Fredrik Jensen MF, FW 103 5 (7) 2018-2025
29%
8 Jonatan Johansson FW 148 27 (9) 2000-2006
29%
20 Jere Uronen DF 32 0 (1) 2021-2023
26%
15 Shefki Kuqi FW 50 7 (5) 2005-2007, 2010-2011
26%
21 Aki Riihilahti MF 31 4 (4) 2004-2005
24%
35 Hannu Tihinen DF 8 0 (0) 2000-2001
24%
14 Joonas Kolkka MF 51 5 (5) 2003-2005
24%
28 Alexander Ring DF, MF 14 0 (0) 2011-2013
21%
25 Jukka Raitala DF 19 0 (0) 2009-2010, 2011-2012
21%
32 Naatan Skyttä MF, FW 11 0 (0) 2022-2025
21%
27 Niki Mäenpää GK 17 0 (1) 2021-2022
21%
16 Peter Enckelman GK 44 0 (0) 2001-2004
21%
37 Niklas Pyyhtiä MF 7 0 (1) 2021-2023
17%
33 Simon Skrabb MF, FW 10 0 (0) 2019-2020
17%
38 Sauli Väisänen DF 7 0 (0) 2017-2018
14%
24 Simo Valakari MF 20 1 (1) 2000-2002
14%
34 Timo Stavitski MF, FW 10 0 (0) 2017-2019
12%
22 Mika Nurmela MF 28 0 (2) 2003-2005
10%
39 Toni Kallio DF 4 0 (0) 2008-2010
10%
30 Berat Sadik FW 13 0 (1) 2008-2009
7%
29 Pekka Lagerblom DF, MF 14 0 (1) 2003-2006
5%
42 Roope Riski FW 1 0 (0) 2010-2011
5%
40 Anssi Jaakkola GK 1 0 (0) 2007-2008
2%
26 Janne Saarinen DF, MF 17 0 (0) 2003-2004
2%
41 Jani Tapani Virtanen FW 1 0 (0) 2006-2007
0%
No matching quizzes found
Score Distribution
Percent of People with Each Score
Percentile by Number Answered
Your Score History
You have not taken this quiz